[Event "Sautron op 21th"]
[Site "Sautron"]
[Date "2014.08.30"]
[Round "4"]
[White "Jackson, Thomas"]
[Black "Berrini, Sylvain"]
[Result "1-0"]
[WhiteElo "1671"]
[BlackElo "1786"]
[PlyCount "85"]
[EventDate "2014.08.28"]
[EventType "swiss"]
[EventRounds "6"]
[EventCountry "FRA"]
[SourceTitle "EXT 2015"]
[Source "ChessBase"]
[SourceDate "2014.11.20"]
[SourceVersion "1"]
[SourceVersionDate "2014.11.20"]
[SourceQuality "1"]

1. d4 Nf6 2. Bg5 h6 3. Bxf6 exf6 4. e3 d5 5. Bd3 Bd6 6. Nf3 0-0 7. 0-0 c6 8. Nbd2 Re8 9. c4 Bc7 10. c5 Be6 11. b4 a6 12. Qc2 g6 13. Rfb1 f5 14. g3 Nd7 15. a4 Nf6 16. b5 Ne4 17. Ne1 h5 18. Ng2 g5 19. Nf1 f4 20. exf4 gxf4 21. b6 Bb8 22. gxf4 Qf6 23. Bxe4 dxe4 24. Qxe4 Bd7 25. Qf3 Bg4 26. Qg3 Kh7 27. Re1 Rg8 28. Qe3 Be6 29. Ng3 h4 30. Ne4 Qf5 31. Ng5+ Rxg5 32. fxg5 h3 33. Qe4 Qxe4 34. Rxe4 hxg2 35. Rae1 Kg6 36. h4 Kf5 37. f3 Bf4 38. g6 Bd5 39. gxf7 Bxe4 40. Rxe4 Bh6 41. Re8 Bf4 42. Re4 Rf8 43. Re7 1-0